Normal view
MARC view
- Singh Ganda
Entry Personal Name
001 - CONTROL NUMBER
- control field: 124779
003 - CONTROL NUMBER IDENTIFIER
- control field: NUST
005 - DATE AND TIME OF LATEST TRANSACTION
- control field: 20240725094545.0
008 - FIXED-LENGTH DATA ELEMENTS
- fixed length control field: 240725|| aca||aabn | a|a d
040 ## - CATALOGING SOURCE
- Original cataloging agency: NUST
- Transcribing agency: NUST
100 ## - HEADING--PERSONAL NAME
- Personal name: Singh Ganda
670 ## - SOURCE DATA FOUND
- Source citation: Work cat.: (NUST): Singh Ganda, Ahmad Shah Abdali, 2010.
